000 00529cam a2200157 4500
001 WB3526-08
008 000000n1999 000 0 eng u
035 _a(Sirsi) u102403
245 _aRise in factory outlet space.
260 _c1999
490 _aBirmingham Post
_vBusiness Property Review 8 July 1999, 25(1)
520 _a DTZ Debenham Thorpe has published a report containing detailed analysis of the European factory outlet market.
650 _aFACTORY OUTLETS
690 _aPROPERTY-COMMERCIAL PROPERTY
942 _n0
999 _c61419
_d61419